| 000 | 00828cam a22002653a 4500 | ||
|---|---|---|---|
| 001 | 25606 | ||
| 003 | PGUSA | ||
| 005 | 20140828083542.0 | ||
| 008 | 080526s2008||||xxu|||||s|||||000 | eng d | ||
| 040 |
_aPGUSA _beng |
||
| 042 | _adc | ||
| 050 | 4 | _aDS | |
| 100 | 1 |
_aChen, Shou, _d233-297 |
|
| 245 | 1 | 0 |
_a三國志 _h[electronic resource] / _cShou Chen |
| 260 |
_bProject Gutenberg, _c2008 |
||
| 500 | _aThis text is incomplete: 15 books of the 30-book history of Wei are missing, and all 15 books of the history of Shu. | ||
| 506 | _aPublic domain in the USA. | ||
| 516 | _aElectronic text | ||
| 653 | _aChina -- History -- Three kingdoms, 220-265 | ||
| 700 | 1 |
_aPei, Songzhi, _d372-451 |
|
| 740 | 0 | _aSan Guo Zhi | |
| 830 | 0 |
_aProject Gutenberg _v25606 |
|
| 856 | 4 | 0 | _uhttp://www.gutenberg.org/ebooks/25606 |
| 942 | _cEB | ||
| 999 |
_c254861 _d254861 |
||